| 000 | 008060000a22002170004500 | ||
|---|---|---|---|
| 003 | dpl | ||
| 005 | 20081031110614.0 | ||
| 008 | 081031t xxu||||| |||| 00| 0 eng d | ||
| 010 | _aENG-84665 | ||
| 020 |
_a813130846 _c200.00 (pbk) |
||
| 035 | _aEN-68198 | ||
| 040 | _cdpl | ||
| 082 | _a340.11 | ||
| 100 | _aDuda, P N | ||
| 245 |
_aMy dear judge: _bselect letters to judges on problems & paradoxes of justice delivery system in India / _cby P N Duda |
||
| 260 |
_aNew Delhi _bA P H Publishing _c2007 |
||
| 270 | _a5, Ansari Road, Darya Ganj, New Delhi-110002 | ||
| 300 |
_aviii,289p _c22cm |
||
| 942 |
_2ddc _cEN _h340.11 _mDUD |
||
| 999 |
_c17969 _d17969 |
||